Southville International School and Colleges
Your cart is empty.
  • Cart
  • Lists
    Public lists Eva Luna New books Lux_list list_1
    Your lists Log in to create your own lists
  • Log in to your account
  • Your cookies
  • Search history
Southville International School and Colleges
  • Advanced search
  • Recent comments
  • Most popular
  • Libraries

Log in to your account

Log in with GOOGLE


If you do not have an external account, but do have a local account, you can still log in:

  1. Home
  2. MARC view: Health tourism /
Normal view MARC view ISBD view

Health tourism / (Record no. 22267)

[ view plain ]
MARC details
000 -LEADER
fixed length control field 00579nam a2200217 a 4500
005 - DATE AND TIME OF LATEST TRANSACTION
control field 20140310183357.0
008 - FIXED-LENGTH DATA ELEMENTS--GENERAL INFORMATION
fixed length control field 121001s19uu xx 00 eng d
020 ## - INTERNATIONAL STANDARD BOOK NUMBER
International Standard Book Number 9788183569378
050 ## - LIBRARY OF CONGRESS CALL NUMBER
Classification number RA 793.5
Item number .T377 2011
100 ## - MAIN ENTRY--PERSONAL NAME
Personal name Thompson, R.
245 ## - TITLE STATEMENT
Title Health tourism /
Statement of responsibility, etc R. Thompson.
250 ## - EDITION STATEMENT
Edition statement 1st ed.
260 ## - PUBLICATION, DISTRIBUTION, ETC. (IMPRINT)
Place of publication, distribution, etc New Delhi, India :
Name of publisher, distributor, etc Discovery Pub. House,
Date of publication, distribution, etc 2011.
300 ## - PHYSICAL DESCRIPTION
Extent 280 p. :
Dimensions 23 cm.
500 ## - GENERAL NOTE
General note Includes index
521 ## - TARGET AUDIENCE NOTE
Target audience note
650 ## - SUBJECT ADDED ENTRY--TOPICAL TERM
Topical term or geographic name as entry element Medical tourism
650 ## - SUBJECT ADDED ENTRY--TOPICAL TERM
Topical term or geographic name as entry element Medical tourism
General subdivision India
942 ## - ADDED ENTRY ELEMENTS (KOHA)
Koha item type Books
Source of classification or shelving scheme Library of Congress Classification
Call number prefix Foreign
Holdings
Withdrawn status Lost status Source of classification or shelving scheme Damaged status Home library Current library Shelving location Date acquired Source of acquisition Total Checkouts Full call number Barcode Date last seen Copy number Price effective from Koha item type
    Library of Congress Classification   College Library College Library General Circulation Section 10/01/2012 Donation   RA 793.5 .T377 2011 C16164 05/15/2018 1 03/10/2014 Books

Health tourism /

APA

Thompson R., . (2011). Health tourism. New Delhi, India: Discovery Pub. House.

Chicago

Thompson R, . 2011. Health tourism. New Delhi, India: Discovery Pub. House.

Harvard

Thompson R., . (2011). Health tourism. New Delhi, India: Discovery Pub. House.

MLA

Thompson R, . Health tourism. New Delhi, India: Discovery Pub. House. 2011.

  • Place hold
  • Print
  • Cite
  • Add to your cart (remove)
  • Save record
    BIBTEX Dublin Core MARCXML MARC (non-Unicode/MARC-8) MARC (Unicode/UTF-8) MARC (Unicode/UTF-8, Standard) MODS (XML) RIS
  • More searches
    Search for this title in:
    Other Libraries (WorldCat) Other Databases (Google Scholar) Online Stores (Bookfinder.com) Open Library (openlibrary.org)

Exporting to Dublin Core...

SOUTHVILLE LIBRARY

Southville International School and Colleges Library

1281 Tropical Ave. Cor. Luxembourg St., BF Homes International, Las Pinas City

Tel. No. 8256374 / 252358 Loc. 117/146

Powered by Koha